000 00492nam a22001697a 4500
003 BD-DhUIB
005 20251222155952.0
008 251222b |||||||| |||| 00| 0 eng d
040 _aBD-DhUIB
_cBD-DhUIB
050 _a658.575
082 _222
100 _aLewrick, Michael.
_91104
245 _aThe design thinking tool box:
_ba guide to mastering the most popular and valuable innovation methods/
_cby Michael Lewrick.
300 _a309p.
_billus;
_c20cm.
526 _aBBA
942 _2ddc
_cBK
999 _c685
_d685